Score 0/14 Timer 02:00
0 Plays Today
% Correct
salad
100%
orange
100%
veggie soup
100%
cheese
100%
pizza
96.4%
french fries
96.4%
ham
96.4%
% Correct
apple
92.9%
hot dog
92.9%
hamburger
92.9%
strawberries
89.3%
cookie
89.3%
sandwich
89.3%
lunch
85.7%
Remove Ads.
Support Sporcle.
Get the best of Sporcle when you Go Orange. This ad-free experience offers more features, more stats, and more fun while also helping to support Sporcle. Thank you for becoming a member.

You're not logged in!

Compare scores with friends on all Sporcle quizzes.
OR
Log In

Show Comments

Extras

Created Jan 17, 2013ReportNominate
Tags:Clickable Quiz

Top Quizzes Today


Score Distribution

Your Account Isn't Verified!

In order to create a playlist on Sporcle, you need to verify the email address you used during registration. Go to your Sporcle Settings to finish the process.

Report this User

Report this user for behavior that violates our Community Guidelines.

Details: